| 000 | 04083nam0a2200421 4500 | ||
|---|---|---|---|
| 001 | RU\NLR\BIBL_A\016223821 | ||
| 005 | 20230127152803.0 | ||
| 010 |
_a978-5-9275-4169-0 _9300 |
||
| 021 |
_aRU _bКН-П-22-078679 _9КН-П-22-6887 |
||
| 035 | _a(NLR Aleph) 016223821 | ||
| 035 | _a(RuMoRGB)011350295 | ||
| 090 |
_a12746575 _c12746575 |
||
| 100 | _a20221130d2022 k y0rusy50 ca | ||
| 101 | 0 |
_arus _aeng |
|
| 102 | _aRU | ||
| 105 | _a |||z|||100zy | ||
| 181 | 0 |
_ai3 _baxxe |
|
| 182 | 0 | _an | |
| 200 | 1 |
_aМониторинг, охрана и восстановление почвенных экосистем в условиях антропогенной нагрузки _eматериалы Международной молодежной научной школы [проходившей в рамках Международного форума "Степная Евразия - устойчивое развитие"], Ростов-на-Дону, 27-30 сентября 2022 г. _fМинистерство науки и высшего образования Российской Федерации, Федеральное государственное бюджетное образовательное учреждение высшего образования "Южный федеральный университет" _gглавный редактор: доктор биологических наук, профессор Т. М. Минкина |
|
| 203 |
_aТекст _bвизуальный _cнепосредственный |
||
| 210 |
_aРостов-на-Дону _aТаганрог _cИзд-во Южного федерального университета _d2022 |
||
| 215 |
_a632, [11] с. _cил., табл. _d21 |
||
| 300 | _aНа обл. подзаг.: международная молодежная научная школа: в рамках Международного форума "Степная Евразия - устойчивое развитие": сборник материалов конференции, Ростов-на-Дону, 27-30 сентября 2022 | ||
| 300 | _aЧасть текста англ. | ||
| 320 | _aБиблиогр. в конце ст. | ||
| 330 | _aПредставлены материалы Международной молодежной научной школы "Мониторинг, охрана и восстановление почвенных экосистем в условиях антропогенной нагрузки". Публикуемые материалы представляют интерес для специалистов в области почвоведения, экологии, биологии, географии, сельского хозяйства и охраны окружающей среды | ||
| 606 | 1 |
_aЭкологические системы почвенные _jСъезды, совещания и т.п _xВлияние антропических факторов _92149578 _3RU\NLR\AUTH\661599402 |
|
| 675 |
_a631.4:502.65(082) _v4 |
||
| 686 | 1 | _aП035.8я431(0) | |
| 702 | 1 |
_aМинкина _bТ. М. _gТатьяна Михайловна _4340 |
|
| 711 | 1 | 2 |
_a"Мониторинг, охрана и восстановление почвенных экосистем в условиях антропогенной нагрузки", международная молодежная научная школа _eРостов-на-Дону _f2022 _9824432 _3RU\NLR\AUTH\880579399 |
| 711 | 1 | 2 |
_a"Степная Евразия - устойчивое развитие", международный форум _eРостов-на-Дону _f2022 _9824434 _3RU\NLR\AUTH\880579400 |
| 712 | 0 | 2 |
_4557 _aЮжный федеральный университет _cРостов-на-Дону _9683115 _3RU\NLR\AUTH\8810090930 |
| 942 | _cBOOK | ||
| 980 | _aNB | ||